Datum a čas kvízu

31 Celkem bodů Celkový počet nahraných bodů na tomto kvízu bez doplňovacích otázek.
6. Pořadí na kvízu Konečné umístění týmu na tomto kvízu.

Zaznamenané odpovědi

# Otázka Odpověď Body Výsledky
1. V pondělí se český premiér ,,j... Adam Vojtěch 1
2. Turistům se minulý týden uzavř... Uluru (Ayers Rock) 0
3. Jednašedesátiletý Brit Bruce D... Iron Maiden 0
4. Minulý týden jsme se dozvěděli... Avast 1
5. Vladimír Růžička se po půl roc... Hradec Králové 1
6. Druhý díl naší cesty kolem svě... Myanmar (Barma) 0
7. Pokračujeme dále do jihovýchod... Thajsko 0
8. Další dvě otázky budou patřit... Medvídek Pú 1
9. V severní Číně a jižním Mongol... Gobi 1
10. Dnešní putování zakončíme v Mo... z kobylího mléka 0